<?xml version="1.0" encoding="UTF-8"?>
<record
    xmlns:xsi="http://www.w3.org/2001/XMLSchema-instance"
    xsi:schemaLocation="http://www.loc.gov/MARC21/slim http://www.loc.gov/standards/marcxml/schema/MARC21slim.xsd"
    xmlns="http://www.loc.gov/MARC21/slim">

  <leader>00375nam a2200145Ia 4500</leader>
  <controlfield tag="008">220803s9999    xx            000 0 und d</controlfield>
  <datafield tag="020" ind1=" " ind2=" ">
    <subfield code="a">9781849901154</subfield>
  </datafield>
  <datafield tag="041" ind1=" " ind2=" ">
    <subfield code="a">eng</subfield>
  </datafield>
  <datafield tag="082" ind1=" " ind2=" ">
    <subfield code="a">720.9 BRO</subfield>
  </datafield>
  <datafield tag="100" ind1=" " ind2=" ">
    <subfield code="a">Bronowski J</subfield>
    <subfield code="9">24973</subfield>
  </datafield>
  <datafield tag="245" ind1=" " ind2=" ">
    <subfield code="a">Ascent Of Man .-9781849901154</subfield>
  </datafield>
  <datafield tag="260" ind1=" " ind2=" ">
    <subfield code="b">"BBC Books, London"</subfield>
    <subfield code="c">2011</subfield>
  </datafield>
  <datafield tag="300" ind1=" " ind2=" ">
    <subfield code="a">352p</subfield>
  </datafield>
  <datafield tag="650" ind1=" " ind2=" ">
    <subfield code="a">History Of Architecture</subfield>
    <subfield code="9">24974</subfield>
  </datafield>
  <datafield tag="999" ind1=" " ind2=" ">
    <subfield code="c">15850</subfield>
    <subfield code="d">15850</subfield>
  </datafield>
  <datafield tag="952" ind1=" " ind2=" ">
    <subfield code="0">0</subfield>
    <subfield code="1">0</subfield>
    <subfield code="4">0</subfield>
    <subfield code="7">0</subfield>
    <subfield code="a">BNCA</subfield>
    <subfield code="b">BNCA</subfield>
    <subfield code="d">2015-08-04</subfield>
    <subfield code="e">Word Book</subfield>
    <subfield code="g">440.00</subfield>
    <subfield code="l">0</subfield>
    <subfield code="o">720.9 BRO</subfield>
    <subfield code="p">BNCA-BK-9407</subfield>
    <subfield code="r">2022-08-03 00:00:00</subfield>
    <subfield code="v">440.00</subfield>
    <subfield code="w">2015-08-01</subfield>
    <subfield code="y">BK</subfield>
    <subfield code="z">B09407</subfield>
  </datafield>
  <datafield tag="952" ind1=" " ind2=" ">
    <subfield code="0">0</subfield>
    <subfield code="1">0</subfield>
    <subfield code="4">0</subfield>
    <subfield code="7">0</subfield>
    <subfield code="a">BNCA</subfield>
    <subfield code="b">BNCA</subfield>
    <subfield code="d">2015-08-04</subfield>
    <subfield code="e">Word Book</subfield>
    <subfield code="g">440.00</subfield>
    <subfield code="l">0</subfield>
    <subfield code="o">720.9 BRO</subfield>
    <subfield code="p">BNCA-BK-9408</subfield>
    <subfield code="r">2022-08-03 00:00:00</subfield>
    <subfield code="v">440.00</subfield>
    <subfield code="w">2015-08-01</subfield>
    <subfield code="y">BK</subfield>
    <subfield code="z">B09408</subfield>
  </datafield>
  <datafield tag="952" ind1=" " ind2=" ">
    <subfield code="0">0</subfield>
    <subfield code="1">0</subfield>
    <subfield code="4">0</subfield>
    <subfield code="7">0</subfield>
    <subfield code="a">BNCA</subfield>
    <subfield code="b">BNCA</subfield>
    <subfield code="d">2015-08-04</subfield>
    <subfield code="e">Word Book</subfield>
    <subfield code="g">440.00</subfield>
    <subfield code="l">0</subfield>
    <subfield code="o">720.9 BRO</subfield>
    <subfield code="p">BNCA-BK-9409</subfield>
    <subfield code="r">2022-08-03 00:00:00</subfield>
    <subfield code="v">440.00</subfield>
    <subfield code="w">2015-08-01</subfield>
    <subfield code="y">BK</subfield>
    <subfield code="z">B09409</subfield>
  </datafield>
  <datafield tag="952" ind1=" " ind2=" ">
    <subfield code="0">0</subfield>
    <subfield code="1">0</subfield>
    <subfield code="4">0</subfield>
    <subfield code="7">0</subfield>
    <subfield code="a">BNCA</subfield>
    <subfield code="b">BNCA</subfield>
    <subfield code="d">2015-08-04</subfield>
    <subfield code="e">Word Book</subfield>
    <subfield code="g">440.00</subfield>
    <subfield code="l">0</subfield>
    <subfield code="o">720.9 BRO</subfield>
    <subfield code="p">BNCA-BK-9410</subfield>
    <subfield code="r">2022-08-03 00:00:00</subfield>
    <subfield code="v">440.00</subfield>
    <subfield code="w">2015-08-01</subfield>
    <subfield code="y">BK</subfield>
    <subfield code="z">B09410</subfield>
  </datafield>
  <datafield tag="952" ind1=" " ind2=" ">
    <subfield code="0">0</subfield>
    <subfield code="1">0</subfield>
    <subfield code="4">0</subfield>
    <subfield code="7">0</subfield>
    <subfield code="a">BNCA</subfield>
    <subfield code="b">BNCA</subfield>
    <subfield code="d">2015-08-04</subfield>
    <subfield code="e">Word Book</subfield>
    <subfield code="g">440.00</subfield>
    <subfield code="l">0</subfield>
    <subfield code="o">720.9 BRO</subfield>
    <subfield code="p">BNCA-BK-9411</subfield>
    <subfield code="r">2022-08-03 00:00:00</subfield>
    <subfield code="v">440.00</subfield>
    <subfield code="w">2015-08-01</subfield>
    <subfield code="y">BK</subfield>
    <subfield code="z">B09411</subfield>
  </datafield>
  <datafield tag="952" ind1=" " ind2=" ">
    <subfield code="0">0</subfield>
    <subfield code="1">0</subfield>
    <subfield code="4">0</subfield>
    <subfield code="7">0</subfield>
    <subfield code="a">BNCA</subfield>
    <subfield code="b">BNCA</subfield>
    <subfield code="d">2015-08-04</subfield>
    <subfield code="e">Word Book</subfield>
    <subfield code="g">440.00</subfield>
    <subfield code="l">0</subfield>
    <subfield code="o">720.9 BRO</subfield>
    <subfield code="p">BNCA-BK-9412</subfield>
    <subfield code="r">2022-08-03 00:00:00</subfield>
    <subfield code="v">440.00</subfield>
    <subfield code="w">2015-08-01</subfield>
    <subfield code="y">BK</subfield>
    <subfield code="z">B09412</subfield>
  </datafield>
  <datafield tag="952" ind1=" " ind2=" ">
    <subfield code="0">0</subfield>
    <subfield code="1">0</subfield>
    <subfield code="4">0</subfield>
    <subfield code="7">0</subfield>
    <subfield code="a">BNCA</subfield>
    <subfield code="b">BNCA</subfield>
    <subfield code="d">2015-08-04</subfield>
    <subfield code="e">Word Book</subfield>
    <subfield code="g">440.00</subfield>
    <subfield code="l">0</subfield>
    <subfield code="o">720.9 BRO</subfield>
    <subfield code="p">BNCA-BK-9413</subfield>
    <subfield code="r">2022-08-03 00:00:00</subfield>
    <subfield code="v">440.00</subfield>
    <subfield code="w">2015-08-01</subfield>
    <subfield code="y">BK</subfield>
    <subfield code="z">B09413</subfield>
  </datafield>
  <datafield tag="952" ind1=" " ind2=" ">
    <subfield code="0">0</subfield>
    <subfield code="1">0</subfield>
    <subfield code="4">0</subfield>
    <subfield code="7">0</subfield>
    <subfield code="a">BNCA</subfield>
    <subfield code="b">BNCA</subfield>
    <subfield code="d">2015-08-04</subfield>
    <subfield code="e">Word Book</subfield>
    <subfield code="g">440.00</subfield>
    <subfield code="l">0</subfield>
    <subfield code="o">720.9 BRO</subfield>
    <subfield code="p">BNCA-BK-9414</subfield>
    <subfield code="r">2022-08-03 00:00:00</subfield>
    <subfield code="v">440.00</subfield>
    <subfield code="w">2015-08-01</subfield>
    <subfield code="y">BK</subfield>
    <subfield code="z">B09414</subfield>
  </datafield>
  <datafield tag="952" ind1=" " ind2=" ">
    <subfield code="0">0</subfield>
    <subfield code="1">0</subfield>
    <subfield code="4">0</subfield>
    <subfield code="7">0</subfield>
    <subfield code="a">BNCA</subfield>
    <subfield code="b">BNCA</subfield>
    <subfield code="d">2015-08-04</subfield>
    <subfield code="e">Word Book</subfield>
    <subfield code="g">440.00</subfield>
    <subfield code="l">0</subfield>
    <subfield code="o">720.9 BRO</subfield>
    <subfield code="p">BNCA-BK-9415</subfield>
    <subfield code="r">2022-08-03 00:00:00</subfield>
    <subfield code="v">440.00</subfield>
    <subfield code="w">2015-08-01</subfield>
    <subfield code="y">BK</subfield>
    <subfield code="z">B09415</subfield>
  </datafield>
</record>
